[Event "Kastoria op 1st"]
[Site "Kastoria"]
[Date "1996.07.23"]
[Round "7.20"]
[White "Gkosdas, Ioannis"]
[Black "Dellios, Thomas"]
[Result "1/2-1/2"]
[WhiteElo "1000"]
[BlackElo "1545"]
[PlyCount "113"]
[EventDate "1996.07.17"]
[EventType "swiss"]
[EventRounds "9"]
[EventCountry "GRE"]
[SourceTitle "EXT 2024"]
[Source "ChessBase"]
[SourceDate "2023.10.10"]
[SourceVersion "1"]
[SourceVersionDate "2023.10.10"]
[SourceQuality "1"]

1. e4 c5 2. Nf3 Nc6 3. Nc3 e6 4. Bb5 a6 5. Bxc6 bxc6 6. 0-0 Nf6 7. d3 d5 8. e5 Nd7 9. d4 Qc7 10. Bf4 Rb8 11. b3 cxd4 12. Qxd4 Bc5 13. Qd2 Bb4 14. Qd4 Bxc3 15. Qxc3 Qb6 16. Rab1 c5 17. Rfe1 a5 18. Qd2 Qb4 19. Qxb4 cxb4 20. Nd4 Nc5 21. f3 Bd7 22. Ra1 0-0 23. a3 Ra8 24. Be3 Rfc8 25. Rf1 f6 26. f4 Ne4 27. a4 Rc3 28. Bc1 Rac8 29. Ra2 Kf7 30. Rf3 Rxf3 31. gxf3 Nc3 32. Ra1 h6 33. Bd2 g5 34. exf6 Kxf6 35. Kf2 gxf4 36. Ne2 Nxe2 37. Kxe2 e5 38. Rc1 d4 39. Be1 Rg8 40. Bh4+ Kf5 41. Rf1 Rg2+ 42. Rf2 Rxf2+ 43. Kxf2 e4 44. fxe4+ Kxe4 45. Bd8 Bf5 46. Bxa5 Kd5 47. Bxb4 Bxc2 48. Bf8 h5 49. Bh6 Bxb3 50. Bxf4 Ke4 51. Bc1 Bxa4 52. Ke2 d3+ 53. Kd2 h4 54. Ba3 h3 55. Bd6 Bb5 56. Bg3 Kf3 57. Bb8 1/2-1/2